| 000 | 00453nam a2200121Ia 4500 | ||
|---|---|---|---|
| 008 | 210430s9999 xx 000 0 und d | ||
| 082 | _a624.176 U5811 U | ||
| 100 | _aUnited states department of energy | ||
| 245 | 2 |
_aA Manual for the prediction of Blast and fragment loadings on structures _cUnited states department of energy |
|
| 260 |
_aTexas _bUnited states department of energy albuquerque operations _c1980 |
||
| 300 | _aC-6 p. | ||
| 942 |
_cBK _2ddc |
||
| 999 |
_c563363 _d563363 |
||